000 01096nam a2200289 i 4500
001 000017496
003 DO-SdBNP
005 20250130124430.0
007 ta
008 100325s1977 dr c 000 p spa d
040 _aDO-SdBNP
_bspa
_cBNPHU
_erda
082 4 _aRD861.44
_bH557b
_222
100 1 _aHernández, Rafael Américo,
_d1899-1968.
_eautor
_4aut.
_938218
245 1 0 _aBriznas del cobre /
_cRafael Américo Hernández ; prólogo, Manuel Rueda
264 1 _aSanto Domingo :
_bSecretaría de Estado de Educación, Bellas Artes y Cultos,
_c1977.
300 _a156 páginas :
_bilustraciones, retratos ;
_c22 cm.
336 _atexto
_btxt
_2rdacontent
337 _asin mediación
_bn
_2rdamedia
338 _avolumen
_bnc
_2rdacarrier
590 _aInventariado, 2018/LP
650 4 _aPoesía dominicana
_966
650 4 _aLiteratura dominicana.
_967
700 1 _aRueda, Manuel,
_d1921-1999.
_eprologuista
_4pr.
_922834
710 1 _aRepública Dominicana
_bSecretaría de Estado de Educación, Bellas Artes y Cultos
_923965
910 _aValidado. Control de calidad MFF
942 _2ddc
_cMTLS
999 _c17021
_d17021